000 00493nam a2200217Ia 4500
005 20250425161943.0
008 250425s9999 xx 000 0 und d
020 _a8425216494
041 _aspa
082 _a659.1323
100 _aGORDON, MAGGIE
245 0 _aTIPOGRAFIA DECORATIVA
250 _a1A ED.
260 _aBARCELONA
260 _aEspaña
_bGUSTAVO GILI
_c1994
300 _a143
650 _aDISEÑO GRAFICO
650 _aTIPOGRAFIA
942 _c01
010 _a36902
999 _c219562
_d219562